000 00582nam a22001937a 4500
005 20251108173637.0
008 250721s2007 xx 000 0 ara d
082 1 4 _a291.2/عان
100 1 _aالعاني، رعد مجيد
245 1 0 _aأسطورة يهوه /
264 1 _aعمان :
_bدار كنوز المعرفة للنشر و التوزيع،
_c2007.
300 _a201 ص.
650 1 7 _aاليهودية
650 1 7 _aالفلسفة اليهودية
650 1 7 _aالتوارة
650 1 7 _aالعقائد السحرية
942 _2ddc
_cBK
999 _c108891
_d108891